000 00259nam a2200097Ia 4500
001 1207863
005 20250827022834.0
008 250824s9999 xx 000 0 und d
245 0 _aSOMUNCU BABA AŞKIN SIRRI
_cMAHMUT USLU
260 _bKARATAY AKADEMİ YAYINLARI
999 _c1207863
_d1207863